000 03991cam a22003977i 4500
001 22973
003 BD-RjUL
005 20211209000858.0
008 140309r2013 azu 000 0 eng d
020 _a139781937271176
035 _a(BD-RjUL)23038
040 _aKMA
_beng
_cKMA
_erda
_dNA5
_dSGB
_dIGP
_dCFT
_dVZD
_dDLC
_dBD-RjUL
041 _aeng
082 0 4 _a289.334
_223
_bJEJ 2013
100 1 _aJeffs, Warren,
_d1955-,
_970839
245 1 0 _aJesus Christ message to all nations /
_c[Warren Jeffs].
246 3 _aMessage to all nations
250 _aSecond edition
260 _aAmerica :
_bUnited States of America,
_cc2013
300 _alv, 968 pages ;
_c24 cm
500 _a"President Warren S. Jeffs, Mouthpiece of God ; Jesus Christ, Author"--4th preliminary page.
505 0 0 _tIntroduction --
_tWarning of the Lord Jesus Christ through his servant Warren Jeffs, to the United States of America ;
_tWarning of the Lord Jesus Christ to all nations ;
_tPolicies and general principles of the government of Son Ahman in the kingdom of Ahman --
_tContinued warnings of Son Ahman to the leaders of the nations of the earth --
_tThus saith Son Ahman, even your Lord Jesus Christ, my own will to all nations on earth of full power to be fulfilled, unto all knowing I, God, have spoken eternal power upon all nations --
_tJesus Christ, Son Ahman, sendeth power-word of warning to all peoples on earth, warning of judgments of full power, to call on all to repent; thus I am just, and of full authority to render judgment on all nations --
_tJesus Christ, who is over all, speaketh strong warning of certain holy power of judgments to be upon nation of my holy power of new Jerusalem, also to all nations --
_tJehovah, even Jesus Christ, warn all nations to repent; for I cometh ;
_tJesus Christ giveth own writing to Supreme Court of Appeals --
_tJesus Christ holy will to President of United States of America, new word of now need of just order to be of full now labor. Now do so. Amen --
_tJesus Christ message of only peace holy power demonstrating to ruler order to make peace in holy way living --
_t[Section Revelation] 183-202 --
_tProclamation:
_tAdministration of president Joseph Smith, Jun. ;
_tAdministration of president Brigham Young ;
_tAdministration of president John Taylor ;
_tAdministration of president John W. Woolley ;
_tAdministration of president Lorin C. Woolley ;
_tAdministration of president John Y. Barlow ;
_tAdministration of president Leroy S. Johnson ;
_tAdministration of president Rulon Jeffs ;
_tAdministration of president Warren S. Jeffs ;
_tWarnings of previous sending to leaders of the nation --
_tAppendix of my new word of pure power printed in this my proclamation to all peoples on all lands referencing pages to find my word in this publishing --
_tDocuments showing the legal and religious establishing and continuing of the Fundamentalist Church of Jesus Christ of Latter-day Saints among men on earth, thy Lord establishing his church April 6, 1830, through Joseph Smith, continued on earth through my priesthood; now a legal organization according to law of land among men, saith Jesus Christ, your Lord --
_tWord of the Lord Jesus Christ of continued sacred warning to all peoples on earth --
_tSecond edition continued revealings --
_tCompiling errors of first edition of now correction.
520 _aA compendium of prophecies attributed to Jesus Christ by Warren S. Jeffs during 2009-2013, principally at Palestine, Texas.
600 1 0 _aJeffs, Warren,
_d1955-
_970857
610 2 0 _aFundamentalist Church of Jesus Christ of Latter Day Saints.
_970858
650 0 _aProphecy.
_970842
650 0 _aEschatology.
_970843
650 0 _aJudgment Day.
_970844
650 0 _aPrivate revelations.
_970845
650 0 _aPedophilia
_xReligious aspects.
_970846
700 0 _aJesus Christ.
_970847
710 2 _aFundamentalist Church of Jesus Christ of Latter Day Saints.
_970848
942 _2ddc
_cBK
999 _c22973
_d22973